000 00431nam a2200157Ia 4500
003 OSt
005 20230524143558.0
008 211028s2012 xx 000 0 und d
040 _cAIMIT LIBRARY
041 _aeng
100 _aGupta, Jitendra Kumar; Vijay, Deborah.
_g101852
_99154
110 _aDeborah Vijay
_99155
245 _aProtein structure comparison based on Topology.
260 _aMangalore
_c2012
942 _2ddc
_cPRO
999 _c220240
_d220240